Joy of cooking

Saved in:
書目詳細資料
主要作者: Rombauer, Irma
其他作者: Rombauer Becker, Marion
格式: 圖書
語言:英语
出版: Plume 1973
標簽: 添加標簽
沒有標簽, 成為第一個標記此記錄!

MARC

LEADER 00000nam a2200000 4500
005 20240918182724.0
008 240731b |||||||| |||| 00| 0 eng d
020 |a 978-0452254251 
040 |c GP 
100 |a Rombauer, Irma 
245 |a Joy of cooking 
260 |b Plume  |c 1973 
700 |a Rombauer Becker, Marion 
942 |2 ddc  |c BK  |n 0 
952 |0 0  |1 0  |2 ddc  |4 0  |6 641_000000000000000_ROM  |7 1  |9 1753  |a RM  |b RM  |d 2024-07-31  |l 0  |o 641 ROM  |p 562  |r 2024-07-31 18:56:05  |w 2024-07-31  |y BK 
999 |c 1569  |d 1569